| 000 | 00370nam a2200145 a 4500 | ||
|---|---|---|---|
| 001 | 419 | ||
| 003 | CDMR | ||
| 005 | 20130228192759.0 | ||
| 008 | 130130s ||||||||||||||||||||||||||||d | ||
| 040 |
_aCDMR _bcat _cCDMR |
||
| 100 | 1 |
_aSanz, Carles _9297 |
|
| 245 | 1 | 0 |
_aCatálogo de prensa libertaria y anarcosindicalista en España _b(1976-2005) |
| 300 | _a2 v. | ||
| 942 |
_cMON _2ddc |
||
| 999 |
_c419 _d419 |
||